[Event "Abe Yanofsky mem. U1800"]
[Site "Winnipeg CAN"]
[Date "2009.09.06"]
[Round "4"]
[White "Wasserman, Leor"]
[Black "Knight, Eugene"]
[Result "1-0"]
[WhiteElo "1642"]
[BlackElo "1522"]
[PlyCount "189"]
[GameId "2160767910092965"]
[EventDate "2009.09.04"]
[EventType "swiss"]
[EventRounds "5"]
[EventCountry "CAN"]
[SourceTitle "EXT 2011"]
[Source "ChessBase"]
[SourceDate "2011.11.26"]
[SourceVersion "1"]
[SourceVersionDate "2011.11.26"]
[SourceQuality "1"]

1. e4 c5 2. Nf3 e6 3. d4 cxd4 4. Nxd4 a6 5. Nc3 Qc7 6. Bd2 Nc6 7. Nxc6 bxc6 8. Bc4 Nf6 9. f3 d5 10. exd5 cxd5 11. Bd3 Bb7 12. Qe2 Bd6 13. g4 Bf4 14. O-O-O Nd7 15. h4 Nc5 16. Bxf4 Nxd3+ 17. Rxd3 Qxf4+ 18. Kb1 d4 19. Ne4 Bxe4 20. fxe4 e5 21. Rf1 Qh6 22. Qf2 Qe6 23. Rf3 Rf8 24. Rf5 Rc8 25. Qg3 Rc5 26. g5 Ra5 27. a3 Rc5 28. Rd1 Qe7 29. Qb3 Rb5 30. Qa4 Qe6 31. Rd3 f6 32. gxf6 gxf6 33. Rb3 Qc6 34. Rh5 Rf7 35. Rb4 Rfb7 36. Rxb5 Rxb5 37. Ka1 Qb7 38. Rh6 Qxe4 39. Qxa6 Qb7 40. Qe6+ Qe7 41. Qg8+ Qf8 42. Qe6+ Qe7 43. Qg8+ Qf8 44. Qxh7 Rb6 45. Qg6+ Ke7 46. Rh7+ Ke6 47. Qg4+ f5 48. Qg6+ Qf6 49. Qe8+ Kd5 50. Rd7+ Ke4 51. Qh5 Qh6 52. Qe2+ Qe3 53. Qd1 f4 54. Re7 f3 55. Qh1 Rf6 56. h5 Qf4 57. Rg7 Kd5 58. Qf1 e4 59. Qb5+ Ke6 60. Qc4+ Kf5 61. Qd5+ Qe5 62. Rg5+ Kxg5 63. Qxe5+ Rf5 64. Qxe4 f2 65. Qg2+ Kxh5 66. Qf1 Kh4 67. b4 Kg3 68. Qd3+ Rf3 69. Qg6+ Kf4 70. Qh6+ Ke4 71. Qg6+ Ke3 72. Qd3+ Kf4 73. Qf1 Kg3 74. Kb2 Re3 75. b5 Re1 76. Qd3+ Re3 77. Qg6+ Kh2 78. Qh5+ Kg2 79. Qd5+ Rf3 80. b6 f1=Q 81. b7 Qa6 82. b8=Q Qxa3+ 83. Kb1 Qc3 84. Qbg8+ Kf1 85. Qb3 Qe1+ 86. Kb2 Rxb3+ 87. Qxb3 Qe3 88. Qf7+ Ke1 89. Qc4 Kd1 90. Qf1+ Kd2 91. Qc1+ Ke2 92. Ka2 Qc3 93. Qb2 Qa5+ 94. Kb3 Qd5+ 95. c4+ 1-0

[Event "Abe Yanofsky mem. U1800"]
[Site "Winnipeg CAN"]
[Date "2009.09.06"]
[Round "4"]
[White "Williams, Eric"]
[Black "Ott, Richard"]
[Result "*"]
[WhiteElo "1485"]
[BlackElo "1499"]
[PlyCount "63"]
[GameId "2160767910092966"]
[EventDate "2009.09.04"]
[EventType "swiss"]
[EventRounds "5"]
[EventCountry "CAN"]
[SourceTitle "EXT 2011"]
[Source "ChessBase"]
[SourceDate "2011.11.26"]
[SourceVersion "1"]
[SourceVersionDate "2011.11.26"]
[SourceQuality "1"]

1. e4 c5 2. Nf3 Nc6 3. d4 cxd4 4. Nxd4 g6 5. Nc3 Bg7 6. Be3 Nf6 7. Bc4 O-O 8. f3 d6 9. Qd2 Bd7 10. O-O-O Qc7 11. Bb3 Ne5 12. g4 Nc4 13. Bxc4 Qxc4 14. Kb1 b5 15. b3 Qb4 16. Nd5 Qa3 17. Nxe7+ Kh8 18. Qc1 Qa5 19. h4 b4 20. h5 Bxg4 21. fxg4 Nxe4 22. Ne2 Qe5 23. Nxg6+ fxg6 24. Bd4 Qe7 25. hxg6 Bxd4 26. Rxh7+ Qxh7 27. gxh7 Be5 28. Rh1 Rf2 29. Qg1 Rxe2 30. Kc1 Bf4+ 31. Kb2 Be5+ 32. Kc1 *

[Event "Abe Yanofsky mem. U1800"]
[Site "Winnipeg CAN"]
[Date "2009.09.06"]
[Round "5"]
[White "De Groot, Steven"]
[Black "Manicdao, Tomas"]
[Result "1-0"]
[WhiteElo "1690"]
[BlackElo "1724"]
[PlyCount "83"]
[GameId "2160767910092967"]
[EventDate "2009.09.04"]
[EventType "swiss"]
[EventRounds "5"]
[EventCountry "CAN"]
[SourceTitle "EXT 2011"]
[Source "ChessBase"]
[SourceDate "2011.11.26"]
[SourceVersion "1"]
[SourceVersionDate "2011.11.26"]
[SourceQuality "1"]

1. e4 e6 2. d4 d5 3. Nc3 c6 4. e5 a6 5. a3 c5 6. Be3 Nc6 7. Nf3 c4 8. Be2 b5 9. O-O Bd7 10. b4 Rb8 11. Na2 Be7 12. c3 a5 13. Qd2 a4 14. Ne1 h6 15. f4 g6 16. Kh1 Bf8 17. g4 Nce7 18. Ng2 Nc6 19. Bf3 Bc8 20. Nc1 Be7 21. Ne2 Qd7 22. Ng3 Kd8 23. f5 Kc7 24. Bd1 gxf5 25. gxf5 Qd8 26. f6 Bf8 27. Nh5 Bd7 28. Bc2 Be8 29. Ngf4 Qd7 30. Rf2 Nd8 31. Rg1 Ne7 32. fxe7 Bxe7 33. Nf6 Qc6 34. N4h5 Bf8 35. Rfg2 Be7 36. Rg8 Bxf6 37. Nxf6 Rxg8 38. Rxg8 Nb7 39. Bxh6 Bd7 40. Rxb8 Kxb8 41. h4 Qc8 42. Bg7 1-0

[Event "Abe Yanofsky mem. U1800"]
[Site "Winnipeg CAN"]
[Date "2009.09.06"]
[Round "5"]
[White "Knight, Eugene"]
[Black "Green, Leah"]
[Result "1/2-1/2"]
[WhiteElo "1522"]
[BlackElo "1224"]
[PlyCount "100"]
[GameId "2160767910092968"]
[EventDate "2009.09.04"]
[EventType "swiss"]
[EventRounds "5"]
[EventCountry "CAN"]
[SourceTitle "EXT 2011"]
[Source "ChessBase"]
[SourceDate "2011.11.26"]
[SourceVersion "1"]
[SourceVersionDate "2011.11.26"]
[SourceQuality "1"]

1. c4 e5 2. d3 Bb4+ 3. Bd2 Qe7 4. Nc3 Nf6 5. e4 Nc6 6. Nd5 Bxd2+ 7. Qxd2 Nxd5 8. cxd5 Nd4 9. Rc1 c6 10. dxc6 dxc6 11. g3 Bg4 12. Bg2 Qf6 13. f4 exf4 14. Qxf4 Qxf4 15. gxf4 O-O 16. f5 g6 17. Rc4 Nb5 18. a4 Nc7 19. f6 Rac8 20. e5 Bf5 21. Be4 Bxe4 22. Rxe4 Ne6 23. h4 h5 24. d4 Rcd8 25. Ne2 c5 26. dxc5 Nxc5 27. Re3 Rd3 28. Rhh3 Rxe3 29. Rxe3 Re8 30. Nf4 Ne6 31. Nd5 Kh7 32. Ne7 Nd4 33. Rc3 Nf5 34. Rc7 Nxh4 35. Kf2 g5 36. Kg3 Ng6 37. Nxg6 Kxg6 38. Re7 Rf8 39. Rxb7 Re8 40. Re7 Rb8 41. Rxa7 Rxb2 42. Ra5 Rb3+ 43. Kg2 h4 44. Rb5 Ra3 45. a5 g4 46. Rb4 h3+ 47. Kh2 Kf5 48. e6 Kxf6 49. exf7 Kxf7 50. Rxg4 Rxa5 1/2-1/2

[Event "Abe Yanofsky mem. U1800"]
[Site "Winnipeg CAN"]
[Date "2009.09.06"]
[Round "5"]
[White "Ott, Richard"]
[Black "Keer, Keer"]
[Result "0-1"]
[WhiteElo "1499"]
[BlackElo "1424"]
[PlyCount "58"]
[GameId "2160767910092969"]
[EventDate "2009.09.04"]
[EventType "swiss"]
[EventRounds "5"]
[EventCountry "CAN"]
[SourceTitle "EXT 2011"]
[Source "ChessBase"]
[SourceDate "2011.11.26"]
[SourceVersion "1"]
[SourceVersionDate "2011.11.26"]
[SourceQuality "1"]

1. d4 d5 2. c4 e6 3. Nc3 dxc4 4. e3 Bb4 5. Bxc4 Nf6 6. Qa4+ Nc6 7. a3 Bxc3+ 8. bxc3 O-O 9. Nf3 Bd7 10. Qc2 Na5 11. Bd3 g6 12. O-O Bc6 13. Ne5 Qd5 14. Nxc6 Qxc6 15. e4 Kg7 16. Bb2 Rfe8 17. Rac1 Nc4 18. Ba1 b5 19. Qe2 Nxa3 20. c4 Nxc4 21. d5 exd5 22. e5 Ne4 23. e6+ f6 24. f3 Ng5 25. Bxc4 dxc4 26. h4 Rxe6 27. Qd2 Nf7 28. g4 Ne5 29. g5 Kf7 0-1

[Event "Abe Yanofsky mem. U1800"]
[Site "Winnipeg CAN"]
[Date "2009.09.06"]
[Round "5"]
[White "Trueman, Francis"]
[Black "Letain, Cory"]
[Result "0-1"]
[WhiteElo "1491"]
[BlackElo "1606"]
[PlyCount "120"]
[GameId "2160767910092970"]
[EventDate "2009.09.04"]
[EventType "swiss"]
[EventRounds "5"]
[EventCountry "CAN"]
[SourceTitle "EXT 2011"]
[Source "ChessBase"]
[SourceDate "2011.11.26"]
[SourceVersion "1"]
[SourceVersionDate "2011.11.26"]
[SourceQuality "1"]

1. Nf3 d5 2. d3 e6 3. g3 Nf6 4. Nbd2 Nc6 5. Bg2 Be7 6. O-O O-O 7. Re1 b6 8. e4 dxe4 9. dxe4 Bb7 10. Qe2 Nd4 11. Nxd4 Qxd4 12. c3 Qd8 13. Kh1 a5 14. Nf1 h6 15. Bf4 Re8 16. Rad1 Qc8 17. h4 Ba6 18. Qc2 Bb7 19. Qe2 Bc5 20. Nd2 e5 21. Be3 Bxe3 22. fxe3 Qg4 23. Qxg4 Nxg4 24. Kg1 Rad8 25. Bh3 Bc8 26. Kg2 Nf2 27. Kxf2 Bxh3 28. Nf3 f6 29. Nh2 Be6 30. b3 a4 31. c4 axb3 32. axb3 Ra8 33. Ra1 Red8 34. Ke2 b5 35. Rxa8 Rxa8 36. Kd3 bxc4+ 37. Kc3 cxb3 38. Nf1 Ra2 39. Rc1 b2 40. Rb1 Ra1 41. Kxb2 Ra2+ 42. Kc3 Ra3+ 43. Kb4 Rd3 44. Kc5 Rc3+ 45. Kb4 Rc4+ 46. Kb5 c6+ 47. Kb6 Rc2 48. Rd1 c5 49. Rd6 Kf7 50. Kc7 c4 51. Rd5 c3 52. Rc5 Rf2 53. Kd6 Bh3 54. Rc7+ Kg8 55. Rxc3 Rxf1 56. Ke7 Rf3 57. Rd3 Rxg3 58. Rd8+ Kh7 59. Kf7 Rxe3 60. Rg8 Be6+ 0-1

[Event "Abe Yanofsky op"]
[Site "Winnipeg CAN"]
[Date "2009.09.04"]
[Round "1"]
[White "Bell, John"]
[Black "Rutter, Blair"]
[Result "1-0"]
[WhiteElo "2157"]
[BlackElo "1855"]
[PlyCount "43"]
[GameId "2160767910092971"]
[EventDate "2009.09.04"]
[EventType "swiss"]
[EventRounds "5"]
[EventCountry "CAN"]
[SourceTitle "EXT 2011"]
[Source "ChessBase"]
[SourceDate "2011.11.26"]
[SourceVersion "1"]
[SourceVersionDate "2011.11.26"]
[SourceQuality "1"]

1. Nf3 d5 2. c4 e6 3. d4 Nf6 4. Nc3 c5 5. Bg5 cxd4 6. Qxd4 Nc6 7. Qh4 Be7 8. O-O-O Qa5 9. e3 Ne4 10. Nxe4 dxe4 11. Bxe7 Nxe7 12. Qxe4 Qxa2 13. Bd3 Ng6 14. h4 O-O 15. h5 f5 16. Qd4 Ne7 17. h6 Rf7 18. Qd8+ Rf8 19. Qxe7 Rf7 20. Qd8+ Rf8 21. Qg5 Rf7 22. Ne5 1-0

[Event "Abe Yanofsky op"]
[Site "Winnipeg CAN"]
[Date "2009.09.04"]
[Round "1"]
[White "Czypinski, Jaroslaw"]
[Black "Gentes, Kevin"]
[Result "0-1"]
[WhiteElo "1880"]
[BlackElo "2250"]
[PlyCount "63"]
[GameId "2160767910092972"]
[EventDate "2009.09.04"]
[EventType "swiss"]
[EventRounds "5"]
[EventCountry "CAN"]
[SourceTitle "EXT 2011"]
[Source "ChessBase"]
[SourceDate "2011.11.26"]
[SourceVersion "1"]
[SourceVersionDate "2011.11.26"]
[SourceQuality "1"]

1. d4 Nf6 2. Nf3 g6 3. e3 Bg7 4. Bd3 O-O 5. O-O d6 6. Nbd2 Nc6 7. c3 e5 8. Qc2 Re8 9. Ne4 Nxe4 10. Bxe4 d5 11. Bxd5 Qxd5 12. e4 Qd8 13. d5 Ne7 14. Bg5 Bg4 15. Qd3 h6 16. Bh4 g5 17. Bg3 Ng6 18. h3 Bxf3 19. Qxf3 Qf6 20. Qd3 Nf4 21. Bxf4 exf4 22. f3 Qb6+ 23. Rf2 Rad8 24. Kf1 c6 25. c4 cxd5 26. cxd5 Qe3 27. Qxe3 fxe3 28. Rc2 f5 29. Rc4 fxe4 30. fxe4 b5 31. Rb4 a6 32. Rc1 0-1

[Event "Abe Yanofsky op"]
[Site "Winnipeg CAN"]
[Date "2009.09.04"]
[Round "1"]
[White "Green, Aaron"]
[Black "Nikouline, Alexandre"]
[Result "1-0"]
[WhiteElo "1836"]
[BlackElo "2144"]
[PlyCount "129"]
[GameId "2160767910092973"]
[EventDate "2009.09.04"]
[EventType "swiss"]
[EventRounds "5"]
[EventCountry "CAN"]
[SourceTitle "EXT 2011"]
[Source "ChessBase"]
[SourceDate "2011.11.26"]
[SourceVersion "1"]
[SourceVersionDate "2011.11.26"]
[SourceQuality "1"]

1. e4 e6 2. d4 d5 3. exd5 exd5 4. Nf3 Bg4 5. h3 Bh5 6. Bd3 Bd6 7. O-O Ne7 8. Nbd2 O-O 9. c4 c6 10. Qb3 Qc7 11. g4 Bg6 12. Re1 Bxd3 13. Qxd3 Bf4 14. Nh4 dxc4 15. Nxc4 Nd5 16. Ng2 Bxc1 17. Raxc1 Nd7 18. Nce3 Nf4 19. Nxf4 Qxf4 20. Qf5 Qxf5 21. Nxf5 Rfd8 22. d5 cxd5 23. Ne7+ Kf8 24. Nxd5 Rac8 25. Rxc8 Rxc8 26. Nc3 f6 27. Kg2 Ne5 28. Re2 b6 29. Nb5 a6 30. Nd6 Rd8 31. Nf5 g6 32. Ne3 Nd3 33. Kf3 b5 34. Kg3 Nc1 35. Rc2 Nxa2 36. Rc6 Nb4 37. Rxf6+ Ke7 38. Rb6 Rd6 39. Rb8 Nd3 40. b3 Nc1 41. Rb7+ Kf8 42. Rb8+ Kf7 43. Rb7+ Ke8 44. Rb8+ Kd7 45. Rb7+ Kc8 46. Rxh7 Nxb3 47. h4 Nc5 48. h5 Ne4+ 49. Kh4 gxh5 50. gxh5 b4 51. h6 b3 52. Rh8+ Kb7 53. Nc4 Rg6 54. Na5+ Ka7 55. Nxb3 Nxf2 56. h7 Rh6+ 57. Kg5 Rh1 58. Nd2 Rh3 59. Nc4 Ne4+ 60. Kf5 Nc5 61. Ne5 Nb7 62. Kg5 Rh1 63. Nf3 a5 64. Nh4 Rg1+ 65. Kh5 1-0

[Event "Abe Yanofsky op"]
[Site "Winnipeg CAN"]
[Date "2009.09.04"]
[Round "1"]
[White "Green, Jim"]
[Black "Kaptsan, Aron"]
[Result "0-1"]
[WhiteElo "1774"]
[BlackElo "2052"]
[PlyCount "68"]
[GameId "2160767910092974"]
[EventDate "2009.09.04"]
[EventType "swiss"]
[EventRounds "5"]
[EventCountry "CAN"]
[SourceTitle "EXT 2011"]
[Source "ChessBase"]
[SourceDate "2011.11.26"]
[SourceVersion "1"]
[SourceVersionDate "2011.11.26"]
[SourceQuality "1"]

1. e4 e5 2. Nf3 Nc6 3. d4 exd4 4. Nxd4 Nf6 5. Nxc6 bxc6 6. e5 Nd5 7. c4 Bb4+ 8. Nd2 Ne7 9. a3 Bxd2+ 10. Bxd2 Ng6 11. f4 O-O 12. g3 d6 13. Bg2 dxe5 14. Bxc6 Rb8 15. Bb4 Qf6 16. Qf3 exf4 17. Bc3 Qe6+ 18. Kf2 fxg3+ 19. hxg3 Qf5 20. Qxf5 Bxf5 21. Rh5 Rb6 22. Bd5 Be6 23. c5 Rbb8 24. Be4 f5 25. Bf3 Rbd8 26. Rah1 h6 27. Re1 Bd5 28. Bxd5+ Rxd5 29. b4 Rd3 30. Bb2 f4 31. g4 Rd2+ 32. Re2 Rxe2+ 33. Kxe2 f3+ 34. Kf2 Nf4 0-1

[Event "Abe Yanofsky op"]
[Site "Winnipeg CAN"]
[Date "2009.09.04"]
[Round "1"]
[White "Khedkar, Jay S"]
[Black "Klokow, John"]
[Result "1-0"]
[WhiteElo "2034"]
[BlackElo "1740"]
[PlyCount "93"]
[GameId "2160767910092975"]
[EventDate "2009.09.04"]
[EventType "swiss"]
[EventRounds "5"]
[EventCountry "CAN"]
[SourceTitle "EXT 2011"]
[Source "ChessBase"]
[SourceDate "2011.11.26"]
[SourceVersion "1"]
[SourceVersionDate "2011.11.26"]
[SourceQuality "1"]

1. e4 e5 2. f4 exf4 3. Nf3 Be7 4. Bc4 Bh4+ 5. Kf1 d5 6. Bxd5 Nf6 7. Nc3 Nxd5 8. Nxd5 O-O 9. Nxf4 Nc6 10. d4 Bg4 11. Be3 Qe7 12. Qd3 f5 13. e5 Bxf3 14. gxf3 Nxe5 15. dxe5 Qxe5 16. Qd5+ Qxd5 17. Nxd5 c6 18. Nf4 Rfe8 19. Bf2 Bf6 20. Nd3 Rad8 21. Re1 Rxe1+ 22. Bxe1 c5 23. Bc3 Bxc3 24. bxc3 c4 25. Ne1 Rd1 26. Ke2 Ra1 27. Kd2 Kf7 28. Rg1 a5 29. f4 Rxa2 30. Nf3 Kf6 31. Rb1 a4 32. Rxb7 Ra1 33. Ne5 a3 34. Nxc4 a2 35. Rb6+ Ke7 36. Ra6 g6 37. Ne3 Kf7 38. c4 Ke7 39. Nd5+ Kd7 40. Nc3 Rh1 41. Rxa2 Rxh2+ 42. Kd3 h5 43. Ra7+ Kc8 44. Nd5 Rg2 45. Rg7 Kd8 46. c5 h4 47. c6 1-0

[Event "Abe Yanofsky op"]
[Site "Winnipeg CAN"]
[Date "2009.09.04"]
[Round "1"]
[White "Lipic, Stephen"]
[Black "Oberton, Daniel"]
[Result "0-1"]
[WhiteElo "1718"]
[BlackElo "2020"]
[PlyCount "78"]
[GameId "2160767910092976"]
[EventDate "2009.09.04"]
[EventType "swiss"]
[EventRounds "5"]
[EventCountry "CAN"]
[SourceTitle "EXT 2011"]
[Source "ChessBase"]
[SourceDate "2011.11.26"]
[SourceVersion "1"]
[SourceVersionDate "2011.11.26"]
[SourceQuality "1"]

1. f4 c5 2. e4 d6 3. Nc3 Nf6 4. Bb5+ Bd7 5. Bxd7+ Qxd7 6. Nf3 Nc6 7. O-O g6 8. d3 Bg7 9. Ne2 a6 10. c3 O-O 11. Ng3 b5 12. a4 b4 13. h3 bxc3 14. bxc3 Rab8 15. Ra2 Rb7 16. Rb2 Rfb8 17. Rff2 Ne8 18. d4 cxd4 19. cxd4 Rb4 20. Rxb4 Rxb4 21. Be3 Na5 22. Ra2 Nc4 23. Bf2 Qb7 24. Kh2 Nf6 25. e5 Nd5 26. Qc1 Nb2 27. Be3 Nxe3 28. Qxe3 dxe5 29. dxe5 Rxa4 30. Rxa4 Nxa4 31. Qa3 Nb6 32. Qb3 h6 33. f5 g5 34. Nh5 Qc7 35. Nxg7 Kxg7 36. g3 Nd7 37. e6 Nc5 38. Qc3+ f6 39. h4 Qxg3+ 0-1

[Event "Abe Yanofsky op"]
[Site "Winnipeg CAN"]
[Date "2009.09.04"]
[Round "1"]
[White "Raihman, Igal"]
[Black "Vincent, Trevor"]
[Result "0-1"]
[WhiteElo "1893"]
[BlackElo "2286"]
[PlyCount "50"]
[GameId "2160767910092977"]
[EventDate "2009.09.04"]
[EventType "swiss"]
[EventRounds "5"]
[EventCountry "CAN"]
[SourceTitle "EXT 2011"]
[Source "ChessBase"]
[SourceDate "2011.11.26"]
[SourceVersion "1"]
[SourceVersionDate "2011.11.26"]
[SourceQuality "1"]

1. e4 c5 2. Nf3 e6 3. d4 cxd4 4. Nxd4 Nc6 5. Be3 Nf6 6. f3 Qb6 7. c3 d5 8. Nd2 e5 9. Nc2 Qc7 10. Bd3 Be7 11. Qe2 Be6 12. Qf2 O-O 13. h4 Rad8 14. Be2 d4 15. cxd4 exd4 16. Nxd4 Nxd4 17. Bxd4 Bd6 18. Qg1 Bg3+ 19. Bf2 Rxd2 20. Kxd2 Qa5+ 21. Kc2 Rc8+ 22. Kd1 Bb3+ 23. axb3 Qxa1+ 24. Kd2 Bf4+ 25. Be3 Qxb2+ 0-1

[Event "Abe Yanofsky op"]
[Site "Winnipeg CAN"]
[Date "2009.09.04"]
[Round "1"]
[White "Schulz, Waldemar"]
[Black "Goodman, Clifford"]
[Result "1-0"]
[WhiteElo "1997"]
[BlackElo "1671"]
[PlyCount "77"]
[GameId "2160767910092978"]
[EventDate "2009.09.04"]
[EventType "swiss"]
[EventRounds "5"]
[EventCountry "CAN"]
[SourceTitle "EXT 2011"]
[Source "ChessBase"]
[SourceDate "2011.11.26"]
[SourceVersion "1"]
[SourceVersionDate "2011.11.26"]
[SourceQuality "1"]

1. Nf3 Nf6 2. g3 g6 3. Bg2 Bg7 4. O-O O-O 5. c4 c5 6. d4 cxd4 7. Qxd4 Nc6 8. Qf4 d6 9. Nc3 a6 10. Rd1 Qc7 11. c5 Ne8 12. Nd5 Qb8 13. Nb6 Ra7 14. Nxc8 Qxc8 15. cxd6 Nxd6 16. Be3 Ra8 17. Rac1 Qf5 18. Nd4 Qxf4 19. gxf4 Nxd4 20. Bxd4 Bxd4 21. Rxd4 Rac8 22. Rdd1 b6 23. e4 Rxc1 24. Rxc1 Rc8 25. Rxc8+ Nxc8 26. Kf1 Kg7 27. Ke2 Kf6 28. e5+ Kf5 29. Bh3+ Kxf4 30. Bxc8 a5 31. e6 f5 32. f3 Ke5 33. Ke3 f4+ 34. Kd3 Kd5 35. Bb7+ Kxe6 36. Kc4 Kd6 37. Kb5 Kc7 38. Be4 e5 39. h4 1-0

[Event "Abe Yanofsky op"]
[Site "Winnipeg CAN"]
[Date "2009.09.04"]
[Round "1"]
[White "Villar, Alfonso"]
[Black "Boron, Anthony"]
[Result "1/2-1/2"]
[WhiteElo "1622"]
[BlackElo "1996"]
[PlyCount "77"]
[GameId "2160767910092979"]
[EventDate "2009.09.04"]
[EventType "swiss"]
[EventRounds "5"]
[EventCountry "CAN"]
[SourceTitle "EXT 2011"]
[Source "ChessBase"]
[SourceDate "2011.11.26"]
[SourceVersion "1"]
[SourceVersionDate "2011.11.26"]
[SourceQuality "1"]

1. e4 c5 2. Nf3 e6 3. d4 cxd4 4. Nxd4 Nf6 5. f3 Nc6 6. Be3 d5 7. Nc3 dxe4 8. Nxc6 Qxd1+ 9. Rxd1 bxc6 10. Nxe4 Nxe4 11. fxe4 Bb4+ 12. c3 Ba5 13. Bc5 Bb6 14. Bd6 a5 15. a4 Ba6 16. e5 Bd8 17. Bxa6 Rxa6 18. O-O Be7 19. Rf3 Rb6 20. Rfd3 Bxd6 21. Rxd6 O-O 22. Rb1 Rfb8 23. Rbd1 Kf8 24. Rd8+ Rxd8 25. Rxd8+ Ke7 26. Ra8 Rxb2 27. Rxa5 Rc2 28. Ra7+ Ke8 29. a5 Rxc3 30. a6 Ra3 31. Kf1 c5 32. Ke2 h6 33. g4 c4 34. Kd2 g6 35. Kc2 c3 36. h4 Kf8 37. g5 hxg5 38. hxg5 Kg7 39. Kd3 1/2-1/2

[Event "Abe Yanofsky op"]
[Site "Winnipeg CAN"]
[Date "2009.09.04"]
[Round "1"]
[White "Zaczek, Jonathon"]
[Black "Swift, Ryne"]
[Result "1-0"]
[WhiteElo "2125"]
[BlackElo "1802"]
[PlyCount "59"]
[GameId "2160767910092980"]
[EventDate "2009.09.04"]
[EventType "swiss"]
[EventRounds "5"]
[EventCountry "CAN"]
[SourceTitle "EXT 2011"]
[Source "ChessBase"]
[SourceDate "2011.11.26"]
[SourceVersion "1"]
[SourceVersionDate "2011.11.26"]
[SourceQuality "1"]

1. e4 e5 2. Nf3 Nc6 3. Bb5 a6 4. Ba4 Nf6 5. O-O b5 6. Bb3 Be7 7. Re1 O-O 8. d4 exd4 9. e5 Ne8 10. Nxd4 Bb7 11. Nf5 Bg5 12. f4 Be7 13. Qg4 Kh8 14. Nc3 Na5 15. Bd5 Bxd5 16. Nxd5 Bc5+ 17. Be3 Bxe3+ 18. Rxe3 g6 19. Rh3 c6 20. Rxh7+ Kxh7 21. Qh3+ Kg8 22. Nde7+ Qxe7 23. Nxe7+ Kg7 24. f5 gxf5 25. Nxf5+ Kg6 26. Qg4+ Kh7 27. Qh5+ Kg8 28. Qg5+ Kh7 29. Qh6+ Kg8 30. Ne7# 1-0

[Event "Abe Yanofsky op"]
[Site "Winnipeg CAN"]
[Date "2009.09.05"]
[Round "2"]
[White "Boron, Anthony"]
[Black "Cleto, Sam"]
[Result "1/2-1/2"]
[WhiteElo "1996"]
[BlackElo "1875"]
[PlyCount "134"]
[GameId "2160767910092981"]
[EventDate "2009.09.04"]
[EventType "swiss"]
[EventRounds "5"]
[EventCountry "CAN"]
[SourceTitle "EXT 2011"]
[Source "ChessBase"]
[SourceDate "2011.11.26"]
[SourceVersion "1"]
[SourceVersionDate "2011.11.26"]
[SourceQuality "1"]

1. d4 Nf6 2. Nf3 e6 3. Bg5 Be7 4. Nbd2 h6 5. Bxf6 Bxf6 6. e4 d6 7. c3 e5 8. dxe5 dxe5 9. Bb5+ c6 10. Ba4 Be6 11. Bb3 Qc8 12. O-O O-O 13. Bxe6 Qxe6 14. Qb3 Qxb3 15. axb3 b5 16. b4 Nd7 17. Nb3 Nb6 18. Na5 Rfc8 19. Rfd1 Na4 20. Rd2 c5 21. c4 cxb4 22. cxb5 Rab8 23. g3 Nb6 24. Nc6 Rb7 25. Rxa7 Rxa7 26. Nxa7 Rc1+ 27. Kg2 Nc4 28. Re2 b3 29. Ne1 Bd8 30. Nc6 Bb6 31. Kf3 f6 32. Ne7+ Kf8 33. Nd5 Bd4 34. b6 Nxb6 35. Nxb6 Bxb6 36. Nd3 Rd1 37. Nb4 Bd4 38. Nc6 Bc5 39. Na5 Ke7 40. Kg2 Rd3 41. Nc4 Bd4 42. Rd2 Rxd2 43. Nxd2 Bxb2 44. Nxb3 Kd6 45. Nd2 Kc5 46. Kf3 Kd4 47. Nb3+ Kc4 48. Nd2+ Kd4 49. g4 Kc3 50. Nf1 Bc1 51. Ng3 Bf4 52. Ne2+ Kd3 53. Nxf4+ exf4 54. Kxf4 Ke2 55. h4 Kxf2 56. g5 h5 57. Kf5 Kf3 58. gxf6 gxf6 59. Kxf6 Kxe4 60. Kg5 Ke5 61. Kxh5 Kf5 62. Kh6 Kf6 63. Kh7 Kf7 64. h5 Kf8 65. h6 Kf7 66. Kh8 Kf8 67. h7 Kf7 1/2-1/2

[Event "Abe Yanofsky op"]
[Site "Winnipeg CAN"]
[Date "2009.09.05"]
[Round "2"]
[White "Gentes, Kevin"]
[Black "Khedkar, Jay S"]
[Result "1-0"]
[WhiteElo "2250"]
[BlackElo "2034"]
[PlyCount "63"]
[GameId "2160767910092982"]
[EventDate "2009.09.04"]
[EventType "swiss"]
[EventRounds "5"]
[EventCountry "CAN"]
[SourceTitle "EXT 2011"]
[Source "ChessBase"]
[SourceDate "2011.11.26"]
[SourceVersion "1"]
[SourceVersionDate "2011.11.26"]
[SourceQuality "1"]

1. Nf3 Nf6 2. g3 c5 3. Bg2 Nc6 4. c4 e6 5. O-O Be7 6. b3 O-O 7. Bb2 d5 8. e3 dxc4 9. bxc4 Qd3 10. Na3 Rd8 11. Re1 Qg6 12. d4 e5 13. Nh4 Qh6 14. d5 e4 15. Qb1 g5 16. dxc6 gxh4 17. cxb7 Bxb7 18. Bxf6 Bxf6 19. Qxb7 hxg3 20. hxg3 Rab8 21. Qxe4 Bxa1 22. Rxa1 Qf6 23. Rf1 Rb2 24. Nb5 Rxa2 25. Nc7 Qg6 26. Qf4 Qd6 27. Qg5+ Kf8 28. Nd5 Ra6 29. Be4 h6 30. Qf5 Qg6 31. Qe5 Qg7 32. Qe7+ 1-0

[Event "Abe Yanofsky op"]
[Site "Winnipeg CAN"]
[Date "2009.09.05"]
[Round "2"]
[White "Goodman, Clifford"]
[Black "Einarsson, Ken"]
[Result "1-0"]
[WhiteElo "1671"]
[BlackElo "1800"]
[PlyCount "83"]
[GameId "2160767910092983"]
[EventDate "2009.09.04"]
[EventType "swiss"]
[EventRounds "5"]
[EventCountry "CAN"]
[SourceTitle "EXT 2011"]
[Source "ChessBase"]
[SourceDate "2011.11.26"]
[SourceVersion "1"]
[SourceVersionDate "2011.11.26"]
[SourceQuality "1"]

1. Nf3 d5 2. d4 Nc6 3. c4 Bg4 4. cxd5 Qxd5 5. Nc3 Qd7 6. d5 Bxf3 7. exf3 Nb4 8. a3 Nxd5 9. Qxd5 Qxd5 10. Nxd5 O-O-O 11. Nc3 e5 12. Bc4 Nf6 13. O-O Bd6 14. Ne4 Be7 15. Bxf7 Rhf8 16. Be6+ Kb8 17. Nxf6 Bxf6 18. Rb1 Rd6 19. Bb3 Be7 20. Be3 b6 21. Rfd1 Rxd1+ 22. Rxd1 Bd6 23. Bc2 h6 24. Be4 a5 25. b4 axb4 26. axb4 Bxb4 27. Ra1 Ba5 28. Bd2 Rd8 29. Bxa5 bxa5 30. g4 Ka7 31. Rxa5+ Kb6 32. Rxe5 c5 33. Re6+ Kb5 34. Rc6 c4 35. Rc7 g5 36. Kg2 Kb4 37. Rc6 Rh8 38. Kg3 h5 39. Rg6 h4+ 40. Kh3 c3 41. Rxg5 Re8 42. Rg7 1-0

[Event "Abe Yanofsky op"]
[Site "Winnipeg CAN"]
[Date "2009.09.05"]
[Round "2"]
[White "Kaptsan, Aron"]
[Black "Bell, John G"]
[Result "0-1"]
[WhiteElo "2052"]
[BlackElo "2157"]
[PlyCount "70"]
[GameId "2160767910092984"]
[EventDate "2009.09.04"]
[EventType "swiss"]
[EventRounds "5"]
[EventCountry "CAN"]

1. d4 Nf6 2. Nf3 b6 3. g3 Bb7 4. Bg2 c5 5. c3 e6 6. O-O Nc6 7. Bg5 h6 8. Bxf6 Qxf6 9. Nbd2 O-O-O 10. dxc5 bxc5 11. Qa4 d5 12. Rfc1 Bd6 13. b4 cxb4 14. cxb4 Kb8 15. Rab1 Rc8 16. b5 Ne5 17. Nxe5 Qxe5 18. Nb3 Rxc1+ 19. Nxc1 Rc8 20. Nd3 Qxe2 21. Nb4 Bxb4 22. Qxb4 Qxa2 23. Re1 Qc4 24. Qd6+ Qc7 25. Qb4 e5 26. Bh3 Rd8 27. Qa3 Qd6 28. Qb2 d4 29. Bg2 e4 30. Rd1 f5 31. Ra1 g6 32. Rc1 h5 33. Rc6 Qd5 34. Rxg6 d3 35. Qd2 e3 0-1